| 000 -LEADER |
| fixed length control field |
nam a22 a 4500 |
| 003 - CONTROL NUMBER IDENTIFIER |
| control field |
AM-YeNLA |
| 005 - DATE AND TIME OF LATEST TRANSACTION |
| control field |
20260212152025.0 |
| 007 - PHYSICAL DESCRIPTION FIXED FIELD--GENERAL INFORMATION |
| fixed length control field |
ta |
| 008 - FIXED-LENGTH DATA ELEMENTS--GENERAL INFORMATION |
| fixed length control field |
260212s2025 ai afo|gr|||||000|0|arm|| |
| 020 ## - INTERNATIONAL STANDARD BOOK NUMBER |
| International Standard Book Number |
978-9939-61-300-0 |
| 040 ## - CATALOGING SOURCE |
| Language of cataloging |
arm |
| Transcribing agency |
AM-YeNLA |
| 041 0# - LANGUAGE CODE |
| Language code of text/sound track or separate title |
arm |
| 100 1# - MAIN ENTRY--PERSONAL NAME |
| Personal name |
Արտաշյան, Արգամ |
| 245 10 - TITLE STATEMENT |
| Title |
Թվային կառավարում : |
| Remainder of title |
Առաջադեմ տեղեկատվական տեխնոլոգիաների կիրառությունները / |
| Statement of responsibility, etc. |
Ա. Արտաշյան ; Գրախոս՝ Ա. Թումանյան ; Վ. Ավետիսյան ; ՀՊՏՀ. |
| 260 ## - PUBLICATION, DISTRIBUTION, ETC. (IMPRINT) |
| Place of publication, distribution, etc. |
Երևան : |
| Name of publisher, distributor, etc. |
Տնտեսագետ, |
| Date of publication, distribution, etc. |
2025. |
| 300 ## - PHYSICAL DESCRIPTION |
| Extent |
245 էջ ։ |
| Other physical details |
նկար, գծանկար, լուսանկար ; |
| Dimensions |
21 սմ. |
| 504 ## - BIBLIOGRAPHY, ETC. NOTE |
| Bibliography, etc |
Տողատակերում՝ մատենագիտական ծանոթագրություններ։ |
| 650 14 - SUBJECT ADDED ENTRY--TOPICAL TERM |
| Topical term or geographic name as entry element |
Համակարգչային գիտություն և տեխնոլոգիա |
| Form subdivision |
Ուսումնական ձեռնարկներ |
| 650 14 - SUBJECT ADDED ENTRY--TOPICAL TERM |
| Topical term or geographic name as entry element |
Թվային կառավարում |
| Form subdivision |
Ուսումնական ձեռնարկներ |
| 650 14 - SUBJECT ADDED ENTRY--TOPICAL TERM |
| Topical term or geographic name as entry element |
Տեղեկատվական տեխնոլոգիաներ |
| 700 1# - ADDED ENTRY--PERSONAL NAME |
| Personal name |
Ավետիսյան, Վ. |
| Relator term |
գրախոս |
| Relator code |
rev |
| 700 1# - ADDED ENTRY--PERSONAL NAME |
| Personal name |
Թումանյան, Ա. |
| Relator term |
գրախոս |
| Relator code |
rev |
| 710 2# - ADDED ENTRY--CORPORATE NAME |
| Corporate name or jurisdiction name as entry element |
Հայաստանի պետական տնտեսագիտական համալսարան |
| 942 ## - ADDED ENTRY ELEMENTS (KOHA) |
| Source of classification or shelving scheme |
|
| Koha item type |
Books |